000 00462nam a2200157 a 4500
001 000031852
005 20200930063230.0
008 110706s198u dr ac 000 0 spa d
040 _aDO-SdBNP
_bspa
_cBNPHU
082 _axxx
_bR741
100 1 _aRojas Silva, Tomás,
_d1961-
_958071
245 1 0 _aIrma tiene su historia /
_cTomás Rojas Silva.
260 _aRepública Dominicana :
_b[s.n.],
_c[198-?].
300 _a40 p. :
_bil., retrs. ;
_c22 cm.
049 _aBNPD
999 _c31344
_d31344